000
00284nam a2200109Ia 4500
005
20251222114404.0
008
251222s1900||||xx |||||||||||||| ||spa||
082
_a
DVD0092/P48/2006/Ej.2
245
0
_a
Madre Teresa de Calcuta.
264
_b
Petrie, Jeanette. Petrie, Ann.
942
_c
DVD
999
_c
1754
_d
1754